| 000 | 00598nam a2200217 a 4500 | ||
|---|---|---|---|
| 001 | 3861335 | ||
| 005 | 20180227092642.0 | ||
| 008 | 880520s1985 utua b 000 0 eng | ||
| 010 | _a 88142570 | ||
| 040 |
_aDLC _cDLC _dDLC |
||
| 041 | _aeng | ||
| 080 | _a640.43 WIN | ||
| 082 | 0 | 0 |
_a640.43 WIN _219 |
| 100 | 1 | _a54 | |
| 101 | _aMEN | ||
| 245 | 1 | 0 |
_aExcellence through time management / _cby Richard I. Winwood, with Hyrum W. Smith. |
| 504 | _aBibliography: p. 136-138. | ||
| 906 |
_a7 _bcbc _corignew _d2 _encip _f19 _gy-gencatlg |
||
| 942 |
_2ddc _cBK |
||
| 999 |
_c43650 _d43650 |
||